Leyes Nos. 19.826 a 19.850: tratados internacionales, sumario

Shranjeno v:
Bibliografske podrobnosti
Format: Knjiga
Jezik:španščina
Izdano: Santiago Jurídica 2003
Serija:Colección Textos Legales, 165
Teme:
Oznake: Označite
Brez oznak, prvi označite!

MARC

LEADER 00000nam a2200000 a 4500
001 UCL4285
003 CL-VaPUC
008 040109e20031100CL |||||||||||||||||spa|d
020 |a 9561015021 
082 0 4 |a 348.022  |b LEY  |2 21 
245 1 0 |a Leyes Nos. 19.826 a 19.850: tratados internacionales, sumario 
300 |a 218 p 
942 |c BK 
945 |d 20040109 00:00:00  |a cmena 
260 |a Santiago  |b Jurídica  |c 2003 
650 0 |a Tratados internacionales   |9 256056 
650 7 |a LEGISLACION CHILENA  |2 CL-VaPUC  |9 404063 
583 |a last modification  |c 20040109 00:00:00  |k Rodrigo Vera 
490 0 |a Colección Textos Legales, 165 
999 |c 307165  |d 307163